Language Quiz

Random Language or Spanish Quiz

50 Commonest Spanish Words Quiz Stats

 Plays Quiz Updated Jan 22, 2019

Support Sporcle.
Go Orange.
Score 0/50 Timer 12:00
2 Plays Today
Rank Word % Correct
1el/la
85.6%
5a
81.8%
39él
77.7%
10no
76.5%
32si
73.3%
4y
73%
25o
71.4%
45qué
64.2%
3que
64.1%
50yo
62.1%
9se
60.6%
2de
58.9%
12por
57.8%
28este/esta
57.3%
47mi
55.8%
20lo
55.3%
33me
54.1%
7un
52.9%
8ser
49.8%
16como
49.7%
6en
47.1%
17estar
44.4%
29ir
44.4%
15para
43.3%
19le
40.9%
Rank Word % Correct
13con
40.7%
18tener
38.6%
36porque
34.9%
24hacer
33.2%
14su
32.8%
38cuando
32%
35ver
30.6%
22pero
27.6%
41sin
25%
23más
24.7%
31ese/esa
23.4%
11haber
23.1%
26poder
21.3%
40muy
20.2%
43mucho
19.9%
44saber
19.5%
27decir
18.8%
37dar
17.8%
21todo
15.5%
46sobre
13.1%
34ya
13.1%
30otro
9.6%
42vez
9.6%
49mismo
7.2%
48alguno
6.9%

From the Vault

What Movie? Back to the Camera XVI

by Larryholmes79

Movies 8m
You won't want to back out of this one.
Remove Ads.
Support Sporcle.
Get the best of Sporcle when you Go Orange. This ad-free experience offers more features, more stats, and more fun while also helping to support Sporcle. Thank you for becoming a member.

Show Comments

Extras

Top Quizzes Today


Score Distribution

Your Account Isn't Verified!

In order to create a playlist on Sporcle, you need to verify the email address you used during registration. Go to your Sporcle Settings to finish the process.

Report this User

Report this user for behavior that violates our Community Guidelines.

Details: